• 首页
  • 本馆介绍
  • 公告通知
  • 最新文献
  • 馆藏检索
  • 电子资源
  • 读者导购
  • 参考咨询
  • 我的图书馆
  • 登录
  • 期刊详细显示
  • 现刊情况显示
  • 合订本情况显示
  • 篇目信息显示

期刊信息

  • 表格格式
  • 工作单格式
  • 卡片格式
索取号 
O4/PE
题名 
Physics Education
作者 
B E Woolnough University of Oxford
分册号 
分册名 
出版地 
Great Britain
出版者 
Burgess and Son (Abingdon)Ltd,Abingdon
标准刊号 
出版频率 
双月刊
中图法分类 
O4
主题词 
物理学
电子资源 
000 00621nas0 2200193 45
001 0732300327
005 20070416090443.15
011    @d$2.25
100    @a20070416d km y0chiy0120 ea
101 0  @aeng
200 1  @aPhysics Education@fB E Woolnough University of Oxford
210    @aGreat Britain@cBurgess and Son (Abingdon)Ltd,Abingdon
300    @aPhysics Education is the magazine for teachers of physics in schools,colleges,polytechnics and universities.
326    @a双月刊
606 0  @a物理学
690    @aO4@v4
701  0 @aB E Woolnough University of Oxford
801  0 @aCN@bPFT@c20070416
905    @aTJWY@dO4@ePE
    
    Physics Education/B E Woolnough University of Oxford.-Great Britain:Burgess and Son (Abingdon)Ltd,Abingdon
    
    Physics Education is the magazine for teachers of physics in schools,colleges,polytechnics and universities.
    
    $2.25
    
●
相关链接: 在易读查询期刊 在中国知网中查询期刊 在万方数据查询期刊 在维普查询期刊
唐山师范学院图书馆 欢迎您!
大连网信软件有限公司© 版权所有